[Event "NAYCC U12"]
[Site "Toronto CAN"]
[Date "2013.08.16"]
[Round "5"]
[White "Chen, Richard"]
[Black "Cai, Jason"]
[Result "1/2-1/2"]
[WhiteElo "1942"]
[BlackElo "1778"]
[PlyCount "110"]
[GameId "2160767909267345"]
[EventDate "2013.08.14"]
[EventType "swiss"]
[EventRounds "9"]
[EventCountry "CAN"]
[SourceTitle "EXT 2022"]
[Source "ChessBase"]
[SourceDate "2021.10.06"]
[SourceVersion "1"]
[SourceVersionDate "2021.10.06"]
[SourceQuality "1"]

1. e4 c5 2. Nf3 Nc6 3. Bb5 g6 4. O-O Bg7 5. Re1 Nf6 6. e5 Nd5 7. Nc3 Nc7 8. Bxc6 dxc6 9. d3 Bg4 10. Ne4 Ne6 11. h3 Bxf3 12. Qxf3 O-O 13. Ng5 Nd4 14. Qd1 h6 15. Nf3 Qd5 16. Re4 Rad8 17. Be3 Nxf3+ 18. Qxf3 b6 19. Qe2 Kh7 20. Qd2 Qxe4 21. dxe4 Rxd2 22. Bxd2 Bxe5 23. c3 Rd8 24. Be3 e6 25. f4 Bc7 26. Kf2 Kg7 27. Kf3 f5 28. a4 a5 29. Rc1 Kf7 30. g4 Bd6 31. Rb1 b5 32. axb5 cxb5 33. Rd1 Ke8 34. gxf5 exf5 35. exf5 gxf5 36. Rd5 Kf7 37. Rxf5+ Kg6 38. Rd5 Bc7 39. Rxd8 Bxd8 40. Bxc5 Kf5 41. Ke3 Bf6 42. Bd6 a4 43. Kd3 Bg7 44. Ke3 Bf6 45. Bc5 Bg7 46. Kf3 Bf6 47. Ke3 Bg7 48. Be7 Bh8 49. h4 h5 50. Kf3 Bg7 51. Ke3 Bh8 52. Kf3 Bg7 53. Ke3 Bh8 54. Kf3 Bg7 55. Ke3 Bh8 1/2-1/2

[Event "NAYCC U12"]
[Site "Toronto CAN"]
[Date "2013.08.16"]
[Round "5"]
[White "Deng, Yi"]
[Black "Wang, Dinny"]
[Result "0-1"]
[WhiteElo "1244"]
[BlackElo "1670"]
[PlyCount "116"]
[GameId "2160767909267346"]
[EventDate "2013.08.14"]
[EventType "swiss"]
[EventRounds "9"]
[EventCountry "CAN"]
[SourceTitle "EXT 2022"]
[Source "ChessBase"]
[SourceDate "2021.10.06"]
[SourceVersion "1"]
[SourceVersionDate "2021.10.06"]
[SourceQuality "1"]

1. c4 c5 2. Nc3 Nc6 3. e3 e6 4. Nf3 g6 5. g3 Bg7 6. Bg2 d5 7. cxd5 exd5 8. Qe2 Nge7 9. d3 O-O 10. O-O Re8 11. Rd1 Be6 12. Rb1 a6 13. a4 Qc7 14. Qc2 Nb4 15. Qd2 Rad8 16. b3 Nec6 17. Bb2 c4 18. bxc4 dxc4 19. d4 Bf5 20. Rbc1 Nd3 21. Ra1 Na5 22. Qe2 Nb3 23. Ra3 Nxd4 24. Nxd4 Bxd4 25. Ra2 Ba7 26. Nd5 Qc8 27. Nf6+ Kf8 28. Nxe8 Rxe8 29. Bc3 Nxf2 30. Kxf2 Bxe3+ 31. Qxe3 Rxe3 32. Kxe3 Qe6+ 33. Kf2 Qb6+ 34. Bd4 Qb3 35. Raa1 c3 36. Bxc3 Qxc3 37. Kg1 b5 38. axb5 axb5 39. Rac1 Qe3+ 40. Kh1 b4 41. Re1 Qb6 42. Rc6 Qf2 43. Rf1 Qe2 44. Rb6 Be4 45. Rg1 Bxg2+ 46. Rxg2 Qf1+ 47. Rg1 Qf3+ 48. Rg2 b3 49. h3 h5 50. Kh2 h4 51. g4 Qf4+ 52. Kh1 Qe3 53. Rb8+ Kg7 54. Rb5 Qxh3+ 55. Kg1 Qe3+ 56. Kh2 Qd3 57. Rb4 Qd6+ 58. Kh3 Qxb4 0-1

[Event "NAYCC U12"]
[Site "Toronto CAN"]
[Date "2013.08.16"]
[Round "5"]
[White "Fan, Run Kun"]
[Black "Yong, Hoyin"]
[Result "1-0"]
[WhiteElo "1568"]
[BlackElo "1123"]
[PlyCount "121"]
[GameId "2160767909267347"]
[EventDate "2013.08.14"]
[EventType "swiss"]
[EventRounds "9"]
[EventCountry "CAN"]
[SourceTitle "EXT 2022"]
[Source "ChessBase"]
[SourceDate "2021.10.06"]
[SourceVersion "1"]
[SourceVersionDate "2021.10.06"]
[SourceQuality "1"]

1. e4 e5 2. Nf3 Nc6 3. Bb5 a6 4. Ba4 Nf6 5. O-O b5 6. Bb3 Be7 7. Re1 O-O 8. c3 d6 9. h3 Be6 10. Bxe6 fxe6 11. d4 exd4 12. cxd4 e5 13. d5 Na5 14. Bg5 Nxd5 15. Qxd5+ Kh8 16. Bxe7 Qxe7 17. Nc3 c6 18. Qd1 Rad8 19. a4 Nc4 20. b3 Nb6 21. axb5 axb5 22. Qd2 Ra8 23. Ne2 Qe6 24. Ng3 g6 25. Qc3 Qd7 26. Red1 Rxa1 27. Rxa1 Ra8 28. Rxa8+ Nxa8 29. Qd2 Qe7 30. Qg5 Qxg5 31. Nxg5 Kg7 32. Kf1 h6 33. Nf3 c5 34. Ke2 Nb6 35. Kd3 Kf6 36. Nf1 Ke6 37. Ne3 d5 38. Nxd5 Nxd5 39. exd5+ Kxd5 40. Nd2 e4+ 41. Nxe4 c4+ 42. bxc4+ bxc4+ 43. Ke3 h5 44. f3 Ke5 45. h4 Kd5 46. Kf4 Kd4 47. Kg5 c3 48. Nxc3 Kxc3 49. Kxg6 Kd4 50. f4 Ke4 51. f5 Kf4 52. f6 Kg4 53. f7 Kxh4 54. f8=Q Kg3 55. Qf3+ Kh2 56. Kxh5 Kg1 57. g4 Kh2 58. Kh4 Kg1 59. Qe2 Kh1 60. Kg3 Kg1 61. Qd1# 1-0

[Event "NAYCC U12"]
[Site "Toronto CAN"]
[Date "2013.08.16"]
[Round "5"]
[White "Hou, Frank Gui"]
[Black "Chertkow, Matthew"]
[Result "0-1"]
[WhiteElo "987"]
[BlackElo "1046"]
[PlyCount "96"]
[GameId "2160767909267348"]
[EventDate "2013.08.14"]
[EventType "swiss"]
[EventRounds "9"]
[EventCountry "CAN"]
[SourceTitle "EXT 2022"]
[Source "ChessBase"]
[SourceDate "2021.10.06"]
[SourceVersion "1"]
[SourceVersionDate "2021.10.06"]
[SourceQuality "1"]

1. e4 e5 2. Nf3 Nc6 3. Bc4 Nf6 4. d3 Bc5 5. c3 d5 6. exd5 Nxd5 7. O-O Bg4 8. h3 Bh5 9. Be3 Bxe3 10. fxe3 Nxe3 11. Qe2 Nxf1 12. Qxf1 O-O 13. Nbd2 Qf6 14. Ne4 Qf4 15. Re1 Bxf3 16. Qxf3 Qxf3 17. gxf3 Na5 18. Nd2 Nxc4 19. Nxc4 f6 20. Re4 Rad8 21. Re3 Rd5 22. Nd2 Rfd8 23. Kf2 Rxd3 24. Nb3 Rxe3 25. Kxe3 Rd1 26. f4 exf4+ 27. Kxf4 Rb1 28. Nc5 Rxb2 29. a4 b6 30. Na6 c5 31. Nc7 Ra2 32. Nd5 Rxa4+ 33. Ke3 a5 34. Kd2 Ra2+ 35. Kc1 a4 36. Kb1 Rh2 37. Nc7 Rxh3 38. Kb2 g5 39. Kc2 g4 40. Nd5 Kf7 41. Kd2 Rh2+ 42. Kc1 g3 43. Ne3 Re2 44. Nd1 g2 45. Kb1 g1=Q 46. Kc1 Qg5+ 47. Kb1 Qd2 48. Ka1 Qxd1# 0-1

[Event "NAYCC U12"]
[Site "Toronto CAN"]
[Date "2013.08.16"]
[Round "5"]
[White "Huang, Immanuel"]
[Black "Hemmat, Alexander"]
[Result "1-0"]
[WhiteElo "1517"]
[BlackElo "1688"]
[PlyCount "181"]
[GameId "2160767909267349"]
[EventDate "2013.08.14"]
[EventType "swiss"]
[EventRounds "9"]
[EventCountry "CAN"]
[SourceTitle "EXT 2022"]
[Source "ChessBase"]
[SourceDate "2021.10.06"]
[SourceVersion "1"]
[SourceVersionDate "2021.10.06"]
[SourceQuality "1"]

1. e4 c5 2. Nf3 d6 3. d4 cxd4 4. Nxd4 Nf6 5. Nc3 g6 6. Be3 Bg7 7. Bd3 Bd7 8. h3 Nc6 9. Nf3 Rc8 10. a3 a6 11. Qd2 O-O 12. Bh6 Qa5 13. Bxg7 Kxg7 14. O-O Qh5 15. Qf4 Nd8 16. Qg5 Qxg5 17. Nxg5 Rc5 18. Nf3 Ne6 19. Ne2 Rfc8 20. b4 R5c7 21. Nd2 b5 22. f4 Bc6 23. g4 d5 24. e5 Ne4 25. Nf3 Bb7 26. Ned4 Nxf4 27. Kh2 e6 28. Bxe4 dxe4 29. Ng5 h6 30. Nxf7 Rxf7 31. Rxf4 Rxc2+ 32. Kg1 Rxf4 33. Nxe6+ Kf7 34. Nxf4 g5 35. Rd1 Bc6 36. Ng2 Rc3 37. Rd6 Kg7 38. Ne1 e3 39. Rd3 Rxd3 40. Nxd3 Bf3 41. Kf1 Bb7 42. Ke2 Bg2 43. Kxe3 Bxh3 44. Nf2 Bg2 45. Kd4 Kf7 46. Nd3 Bf3 47. Nf2 Ke6 48. Ke3 Bb7 49. Kd4 Bc8 50. Ne4 Ke7 51. Nf6 Be6 52. Ke4 Kf7 53. Kd4 Bc8 54. Ke4 Bb7+ 55. Kd4 Bc8 56. Ke4 Be6 57. Kd4 Bb3 58. Kc3 Bc4 59. Kd4 Bf1 60. Ke4 Bh3 61. Kd4 Ke6 62. Ke4 Bg2+ 63. Kd4 Bf3 64. Ng8 h5 65. gxh5 Bxh5 66. Nf6 Bd1 67. Ke4 Bc2+ 68. Kd4 Bd1 69. Ke4 g4 70. Kf4 Bf3 71. Nh5 Bd1 72. Ng7+ Kd5 73. Nf5 Bf3 74. Ne3+ Ke6 75. Nf5 Be2 76. Nd4+ Kd5 77. Nxe2 Ke6 78. Nd4+ Kd5 79. e6 Kd6 80. Kxg4 Ke7 81. Kf5 Ke8 82. Kf6 Kf8 83. Ne2 Ke8 84. e7 Kd7 85. Kf7 Kc7 86. e8=Q Kb6 87. Nd4 Kb7 88. Qc6+ Ka7 89. Qc7+ Ka8 90. Nc6 a5 91. Qa7# 1-0

[Event "NAYCC U12"]
[Site "Toronto CAN"]
[Date "2013.08.16"]
[Round "5"]
[White "Johnson-Constantin, Mathieu"]
[Black "Zheng, Maven"]
[Result "1-0"]
[WhiteElo "1523"]
[BlackElo "1060"]
[PlyCount "99"]
[GameId "2160767909267350"]
[EventDate "2013.08.14"]
[EventType "swiss"]
[EventRounds "9"]
[EventCountry "CAN"]
[SourceTitle "EXT 2022"]
[Source "ChessBase"]
[SourceDate "2021.10.06"]
[SourceVersion "1"]
[SourceVersionDate "2021.10.06"]
[SourceQuality "1"]

1. e4 e5 2. Nf3 Nc6 3. Bb5 Bc5 4. c3 d6 5. d4 exd4 6. cxd4 Bb4+ 7. Bd2 Bxd2+ 8. Qxd2 Bd7 9. O-O a6 10. Bc4 Nge7 11. Nc3 Ng6 12. h3 O-O 13. Rfe1 Nce7 14. e5 dxe5 15. dxe5 b5 16. e6 Bxe6 17. Qxd8 Raxd8 18. Bxe6 fxe6 19. Rxe6 b4 20. Ne2 a5 21. Ned4 c5 22. Nb3 c4 23. Nxa5 c3 24. bxc3 bxc3 25. Rc1 Nd5 26. Rc2 Ngf4 27. Re4 Nd3 28. Nc6 Rc8 29. Nfe5 Rfe8 30. f3 N3b4 31. Nxb4 Nxb4 32. Rxb4 Rxe5 33. Rb3 Ra5 34. a3 Rac5 35. Kf2 Kf7 36. Ke3 Rg5 37. g4 Re5+ 38. Kd4 Re1 39. Rbxc3 Rxc3 40. Rxc3 Rd1+ 41. Ke5 Rh1 42. f4 g6 43. Rc7+ Kg8 44. Kf6 h6 45. Kxg6 Kf8 46. Rc3 Rf1 47. f5 Rd1 48. f6 Rd6 49. Rc8+ Rd8 50. Rxd8# 1-0

[Event "NAYCC U12"]
[Site "Toronto CAN"]
[Date "2013.08.16"]
[Round "5"]
[White "Kobla, Vishal"]
[Black "Zhao, Harry"]
[Result "1/2-1/2"]
[WhiteElo "1752"]
[BlackElo "1767"]
[PlyCount "28"]
[GameId "2160767909267352"]
[EventDate "2013.08.14"]
[EventType "swiss"]
[EventRounds "9"]
[EventCountry "CAN"]
[SourceTitle "EXT 2022"]
[Source "ChessBase"]
[SourceDate "2021.10.06"]
[SourceVersion "1"]
[SourceVersionDate "2021.10.06"]
[SourceQuality "1"]

1. e4 d5 2. exd5 Qxd5 3. Nf3 Bg4 4. Be2 Nc6 5. d4 O-O-O 6. c3 Nf6 7. Be3 e5 8. O-O e4 9. Nfd2 h5 10. h3 Qf5 11. f3 exf3 12. Bxf3 Qe6 13. Bg5 Bxf3 14. Qxf3 Be7 1/2-1/2

[Event "NAYCC U12"]
[Site "Toronto CAN"]
[Date "2013.08.16"]
[Round "5"]
[White "Liang, Hairan"]
[Black "Corvera Choi, Malik"]
[Result "1/2-1/2"]
[WhiteElo "1073"]
[BlackElo "1539"]
[PlyCount "53"]
[GameId "2160767909267353"]
[EventDate "2013.08.14"]
[EventType "swiss"]
[EventRounds "9"]
[EventCountry "CAN"]
[SourceTitle "EXT 2022"]
[Source "ChessBase"]
[SourceDate "2021.10.06"]
[SourceVersion "1"]
[SourceVersionDate "2021.10.06"]
[SourceQuality "1"]

1. e4 c5 2. Nf3 d6 3. d4 cxd4 4. Nxd4 Nf6 5. Nc3 a6 6. Bd3 e5 7. Nb3 Be6 8. O-O Nbd7 9. h3 Be7 10. f4 b5 11. f5 Bc4 12. Qe2 Rc8 13. Bg5 h6 14. Bd2 Qc7 15. Rac1 Nb6 16. Be3 Rg8 17. Qf2 Nbd7 18. Nd2 Qb7 19. b3 Bxd3 20. cxd3 Nc5 21. Bxc5 Rxc5 22. Ne2 Bd8 23. Kh1 Be7 24. Rc3 b4 25. Rxc5 dxc5 26. a4 Qc7 27. Qg3 1/2-1/2

[Event "NAYCC U12"]
[Site "Toronto CAN"]
[Date "2013.08.16"]
[Round "5"]
[White "Liu, Ryan"]
[Black "Li, William"]
[Result "1/2-1/2"]
[WhiteElo "1090"]
[BlackElo "1409"]
[PlyCount "112"]
[GameId "2160767909267354"]
[EventDate "2013.08.14"]
[EventType "swiss"]
[EventRounds "9"]
[EventCountry "CAN"]
[SourceTitle "EXT 2022"]
[Source "ChessBase"]
[SourceDate "2021.10.06"]
[SourceVersion "1"]
[SourceVersionDate "2021.10.06"]
[SourceQuality "1"]

1. d4 Nf6 2. Nf3 d5 3. e3 Bf5 4. Bd3 Bg6 5. Qe2 c6 6. Nbd2 Nbd7 7. O-O e6 8. c3 Bd6 9. e4 dxe4 10. Nxe4 Bc7 11. Re1 h6 12. Qc2 Nxe4 13. Bxe4 Bxe4 14. Qxe4 O-O 15. Bf4 Bxf4 16. Qxf4 Rc8 17. Rad1 Qc7 18. Qxc7 Rxc7 19. a4 c5 20. Ne5 Nxe5 21. Rxe5 cxd4 22. Rxd4 Rcc8 23. h3 Rfd8 24. Rb4 b6 25. a5 bxa5 26. Rxa5 Rc7 27. Ra1 Rdd7 28. Rb3 Rb7 29. Rxb7 Rxb7 30. Rb1 a5 31. b4 Kf8 32. Kf1 Ke7 33. Ke2 Kd6 34. Rd1+ Kc6 35. bxa5 Ra7 36. Ra1 Kb5 37. Kd3 Rd7+ 38. Kc2 Ra7 39. Kb3 Rxa5 40. Rxa5+ Kxa5 41. Kc4 Kb6 42. Kb4 Kc6 43. c4 f5 44. f4 g5 45. g3 Kd6 46. Kc3 e5 47. fxe5+ Kxe5 48. Kd3 h5 49. h4 gxh4 50. gxh4 f4 51. c5 Kd5 52. c6 Kxc6 53. Ke4 Kd6 54. Kxf4 Ke7 55. Kg5 Kf7 56. Kxh5 Kg7 1/2-1/2

[Event "NAYCC U12"]
[Site "Toronto CAN"]
[Date "2013.08.16"]
[Round "5"]
[White "Luo, Ricky"]
[Black "Pierre, Dashwood"]
[Result "1-0"]
[WhiteElo "1023"]
[BlackElo "886"]
[PlyCount "57"]
[GameId "2160767909267355"]
[EventDate "2013.08.14"]
[EventType "swiss"]
[EventRounds "9"]
[EventCountry "CAN"]
[SourceTitle "EXT 2022"]
[Source "ChessBase"]
[SourceDate "2021.10.06"]
[SourceVersion "1"]
[SourceVersionDate "2021.10.06"]
[SourceQuality "1"]

1. d4 d5 2. c4 dxc4 3. Nf3 Nc6 4. e3 Nf6 5. Bxc4 Bg4 6. h3 Bxf3 7. Qxf3 e6 8. O-O Na5 9. Be2 Bd6 10. Rd1 c6 11. e4 Bc7 12. b4 Qd6 13. e5 Qd7 14. bxa5 a6 15. exf6 Qd6 16. Qg3 Qxg3 17. fxg3 Bxg3 18. fxg7 Rg8 19. Bh6 Rd8 20. Nc3 Rb8 21. Bh5 b5 22. Bxf7+ Kd7 23. Bxg8 Rxg8 24. Ne4 Ke7 25. Nxg3 Kd6 26. Rf1 c5 27. Rf8 Rxf8 28. gxf8=Q+ Kd5 29. Qxc5# 1-0

[Event "NAYCC U12"]
[Site "Toronto CAN"]
[Date "2013.08.16"]
[Round "5"]
[White "Menon, Vishal"]
[Black "Balendra, Harigaran"]
[Result "0-1"]
[WhiteElo "1674"]
[BlackElo "1317"]
[PlyCount "84"]
[GameId "2160767909267356"]
[EventDate "2013.08.14"]
[EventType "swiss"]
[EventRounds "9"]
[EventCountry "CAN"]
[SourceTitle "EXT 2022"]
[Source "ChessBase"]
[SourceDate "2021.10.06"]
[SourceVersion "1"]
[SourceVersionDate "2021.10.06"]
[SourceQuality "1"]

1. e4 c5 2. Nf3 Nc6 3. d4 cxd4 4. Nxd4 Nf6 5. Nc3 e6 6. Bc4 a6 7. O-O Be7 8. Bb3 O-O 9. Re1 Qc7 10. h3 b6 11. Bg5 h6 12. Bh4 Nxd4 13. Qxd4 Bc5 14. Qd2 Nh7 15. Rad1 g5 16. Bg3 Qxg3 17. Na4 Qc7 18. Qc3 Bd6 19. Qd4 Bc5 20. Qc3 Bb7 21. Rd3 f5 22. Red1 Rad8 23. exf5 Qc6 24. Rg3 Rxf5 25. Nxc5 bxc5 26. Qe3 c4 27. Bxc4 Qxc4 28. Qb6 Qc8 29. Rgd3 Bc6 30. Qe3 Rdf8 31. R3d2 Qe8 32. c4 Qg6 33. Qd3 g4 34. hxg4 Qxg4 35. Qf1 Ng5 36. Rd3 Nf3+ 37. Rxf3 Rxf3 38. b3 Rxf2 39. Qxf2 Qxd1+ 40. Kh2 Rxf2 41. Kg3 Rxg2+ 42. Kf4 Qd4# 0-1

[Event "NAYCC U12"]
[Site "Toronto CAN"]
[Date "2013.08.16"]
[Round "5"]
[White "Mihailov, Dmitrii"]
[Black "Valkov, Andrey"]
[Result "1-0"]
[WhiteElo "982"]
[BlackElo "511"]
[PlyCount "51"]
[GameId "2160767909267357"]
[EventDate "2013.08.14"]
[EventType "swiss"]
[EventRounds "9"]
[EventCountry "CAN"]
[SourceTitle "EXT 2022"]
[Source "ChessBase"]
[SourceDate "2021.10.06"]
[SourceVersion "1"]
[SourceVersionDate "2021.10.06"]
[SourceQuality "1"]

1. e4 e5 2. Nf3 Nc6 3. Bc4 Nf6 4. d3 Bd6 5. Bg5 Nd4 6. Nc3 Be7 7. Nxe5 O-O 8. O-O Ng4 9. Bxe7 Qxe7 10. Nxg4 d6 11. Nd5 Qg5 12. Nge3 Qg6 13. Ne7+ Kh8 14. Nxg6+ fxg6 15. Nd5 c6 16. Nc7 Rb8 17. c3 b5 18. cxd4 bxc4 19. dxc4 Rf7 20. e5 d5 21. cxd5 Rxc7 22. d6 Rcb7 23. Re1 Rf7 24. e6 Rf6 25. e7 Re6 26. e8=Q+ 1-0

[Event "NAYCC U12"]
[Site "Toronto CAN"]
[Date "2013.08.16"]
[Round "5"]
[White "Shen, Christopher"]
[Black "Kelly, Joey M"]
[Result "0-1"]
[WhiteElo "2018"]
[BlackElo "1936"]
[PlyCount "152"]
[GameId "2160767909267359"]
[EventDate "2013.08.14"]
[EventType "swiss"]
[EventRounds "9"]
[EventCountry "CAN"]
[SourceTitle "EXT 2022"]
[Source "ChessBase"]
[SourceDate "2021.10.06"]
[SourceVersion "1"]
[SourceVersionDate "2021.10.06"]
[SourceQuality "1"]

1. e4 c5 2. Nc3 Nc6 3. g3 g6 4. Bg2 Bg7 5. d3 d6 6. f4 e6 7. Nf3 Nge7 8. O-O O-O 9. Be3 Rb8 10. e5 dxe5 11. Nxe5 Nd4 12. Ne2 Nef5 13. Bf2 b6 14. c3 Nxe2+ 15. Qxe2 Bb7 16. Nc6 Bxc6 17. Bxc6 Qc7 18. Bg2 Rfe8 19. g4 Nh6 20. Bg3 f5 21. g5 Nf7 22. Rad1 Rbd8 23. Qe3 e5 24. fxe5 Bxe5 25. Bxe5 Rxe5 26. Qf4 Qe7 27. d4 cxd4 28. cxd4 Re2 29. h4 Rxb2 30. Rc1 Qe2 31. Bf3 Qd2 32. Qxd2 Rxd2 33. d5 Ne5 34. Bg2 Kf8 35. Rc7 Rd7 36. Rc8+ Ke7 37. Re1 Kd6 38. Re8 Nd3 39. R1e6+ Kc7 40. Rc6+ Kb7 41. Rc3 Nf4 42. Bf3 Nxd5 43. Re5 a5 44. Rb3 Ka7 45. Rb5 Nc3 46. Re8 Rd8 47. Re7+ R2d7 48. Rbe5 Kb8 49. R5e6 Na4 50. Bc6 Rd1+ 51. Kf2 Nc5 52. Re1 R8d2+ 53. Kf3 Rd3+ 54. Kg2 Rxe1 55. Rxe1 Kc7 56. Bb5 Rd2+ 57. Kf3 Ne4 58. Rc1+ Kd6 59. a4 Nc5 60. Ke3 Rh2 61. Rc4 Ke5 62. Be8 Rh3+ 63. Ke2 f4 64. Bf7 Rxh4 65. Kf3 Rh3+ 66. Kg4 Rg3+ 67. Kh4 Kf5 68. Rd4 Rg4+ 69. Kh3 Rxg5 70. Be8 Rg3+ 71. Kh2 Rd3 72. Bd7+ Ke5 73. Rxd3 Nxd3 74. Kg2 Nc5 75. Bb5 g5 76. Kf3 Kf5 0-1

[Event "NAYCC U12"]
[Site "Toronto CAN"]
[Date "2013.08.16"]
[Round "5"]
[White "Solano, Carlos"]
[Black "Yie, Kevin Yi Xiao"]
[Result "0-1"]
[WhiteElo "1771"]
[BlackElo "1578"]
[PlyCount "92"]
[GameId "2160767909267360"]
[EventDate "2013.08.14"]
[EventType "swiss"]
[EventRounds "9"]
[EventCountry "CAN"]
[SourceTitle "EXT 2022"]
[Source "ChessBase"]
[SourceDate "2021.10.06"]
[SourceVersion "1"]
[SourceVersionDate "2021.10.06"]
[SourceQuality "1"]

1. e4 e6 2. d4 d5 3. exd5 exd5 4. Nc3 c6 5. Be3 Bd6 6. Nge2 Nf6 7. g3 Bf5 8. Bg2 O-O 9. O-O Nbd7 10. Re1 Re8 11. Qd2 Nb6 12. Bf4 Nc4 13. Qc1 Qc7 14. Bxd6 Nxd6 15. Nd1 Nde4 16. f3 Nd6 17. Ne3 Bg6 18. Nf4 Re7 19. Nxg6 hxg6 20. Qd2 Rae8 21. c3 Nf5 22. Nxf5 gxf5 23. Kf1 Qb6 24. Qf2 Qb5+ 25. Kg1 Re2 26. Rxe2 Rxe2 27. Bf1 Rxf2 28. Bxb5 Rxb2 29. Bd3 g6 30. Rb1 Rxb1+ 31. Bxb1 Kf8 32. Kf2 Ke7 33. Ke3 Nd7 34. Bc2 Nb6 35. Bb3 a5 36. a4 Nc4+ 37. Kd3 b5 38. h3 f4 39. g4 Kf6 40. h4 Ne3 41. Ke2 Ke6 42. Kf2 Nc4 43. Ke2 Nb2 44. Kd2 bxa4 45. Kc2 axb3+ 46. Kxb2 a4 0-1

[Event "NAYCC U12"]
[Site "Toronto CAN"]
[Date "2013.08.16"]
[Round "5"]
[White "Sun, Benjamin"]
[Black "Kishkimbayev, Alisher"]
[Result "1-0"]
[WhiteElo "1414"]
[BlackElo "1201"]
[PlyCount "101"]
[GameId "2160767909267361"]
[EventDate "2013.08.14"]
[EventType "swiss"]
[EventRounds "9"]
[EventCountry "CAN"]
[SourceTitle "EXT 2022"]
[Source "ChessBase"]
[SourceDate "2021.10.06"]
[SourceVersion "1"]
[SourceVersionDate "2021.10.06"]
[SourceQuality "1"]

1. e4 c6 2. d4 d5 3. exd5 cxd5 4. Bd3 Nc6 5. c3 Nf6 6. Bf4 e6 7. Nf3 Bd6 8. Ne5 O-O 9. Nd2 Qc7 10. Ndf3 Nd7 11. Qe2 Ncxe5 12. Bxe5 Bxe5 13. dxe5 f6 14. exf6 Nxf6 15. O-O Re8 16. Ne5 Nd7 17. Bxh7+ Kh8 18. Nxd7 Qxd7 19. Qh5 Rd8 20. Bg6+ Kg8 21. Qh7+ Kf8 22. Qh8+ Ke7 23. Qxg7+ Kd6 24. Qf6 Qe7 25. Qxe7+ Kxe7 26. Rfe1 Rf8 27. Rad1 Kd6 28. c4 Rf6 29. Bc2 Kc5 30. cxd5 exd5 31. f3 Bd7 32. Bb3 Bc6 33. Kf2 Rg8 34. h4 Rh6 35. Rh1 Rgh8 36. g3 a5 37. Rc1+ Kd6 38. a3 a4 39. Ba2 d4 40. Rhd1 Rf8 41. Rxd4+ Ke5 42. Rd3 Bb5 43. Rc5+ Kf6 44. Rxb5 Rh7 45. Rb6+ Ke5 46. Re3+ Kd4 47. Rb4+ Kc5 48. Rc3+ Kd6 49. Rb6+ Ke5 50. Rc5+ Kd4 51. Rd5# 1-0

[Event "NAYCC U12"]
[Site "Toronto CAN"]
[Date "2013.08.16"]
[Round "5"]
[White "Wan, Kevin"]
[Black "Frutos, Chase"]
[Result "0-1"]
[WhiteElo "2133"]
[BlackElo "1942"]
[PlyCount "74"]
[GameId "2160767909267362"]
[EventDate "2013.08.14"]
[EventType "swiss"]
[EventRounds "9"]
[EventCountry "CAN"]
[SourceTitle "EXT 2022"]
[Source "ChessBase"]
[SourceDate "2021.10.06"]
[SourceVersion "1"]
[SourceVersionDate "2021.10.06"]
[SourceQuality "1"]

1. e4 c5 2. Nf3 d6 3. c3 Nf6 4. Bd3 g6 5. Bc2 Bg7 6. d4 cxd4 7. cxd4 O-O 8. Bd2 Nc6 9. d5 Ne5 10. Nxe5 dxe5 11. Bc3 Qc7 12. Nd2 Rd8 13. Bb3 a5 14. a4 b6 15. O-O Nd7 16. Bc4 Nc5 17. Qc2 e6 18. b4 axb4 19. Bxb4 Bb7 20. Bxc5 exd5 21. exd5 bxc5 22. Qa2 Qd7 23. Ne4 Bxd5 24. Nxc5 Bxc4 25. Qxc4 Qc6 26. Rfc1 Rdc8 27. Qf1 Qd5 28. Qc4 Qc6 29. Qa2 Bh6 30. Rc2 e4 31. Qc4 e3 32. f3 Qb6 33. Kf1 Ra5 34. Qh4 Raxc5 35. Rxc5 Qxc5 36. g3 Qc2 37. g4 Rb8 0-1

[Event "NAYCC U12"]
[Site "Toronto CAN"]
[Date "2013.08.16"]
[Round "5"]
[White "Xiao, Kevin"]
[Black "Zhu, Jeffrey Xin Yu"]
[Result "0-1"]
[WhiteElo "1247"]
[BlackElo "1574"]
[PlyCount "90"]
[GameId "2160767909267363"]
[EventDate "2013.08.14"]
[EventType "swiss"]
[EventRounds "9"]
[EventCountry "CAN"]
[SourceTitle "EXT 2022"]
[Source "ChessBase"]
[SourceDate "2021.10.06"]
[SourceVersion "1"]
[SourceVersionDate "2021.10.06"]
[SourceQuality "1"]

1. e4 e5 2. Nf3 Nc6 3. d4 exd4 4. Bc4 Be7 5. O-O Nf6 6. Re1 O-O 7. c3 dxc3 8. Nxc3 d6 9. Nd5 Bg4 10. Nxe7+ Qxe7 11. Bd5 Rab8 12. Bg5 Ne5 13. Re3 Nxf3+ 14. gxf3 Bh5 15. Qb3 c6 16. Bc4 b5 17. Be2 h6 18. Bxf6 Qxf6 19. Qc3 Qxc3 20. Rxc3 c5 21. Rd1 Rb6 22. Rcd3 Rd8 23. e5 d5 24. Rxd5 Rxd5 25. Rxd5 c4 26. e6 Rxe6 27. Rxh5 Rxe2 28. Rxb5 g5 29. Kf1 Rc2 30. Ke1 Kg7 31. a3 c3 32. bxc3 Rxc3 33. Ra5 Rxf3 34. Rxa7 Rh3 35. a4 Rxh2 36. a5 Rh4 37. a6 Ra4 38. Ra8 h5 39. Kf1 f5 40. a7 h4 41. Kg2 g4 42. Kh2 f4 43. Kg2 h3+ 44. Kh2 Ra2 45. Kh1 g3 0-1

[Event "NAYCC U12"]
[Site "Toronto CAN"]
[Date "2013.08.16"]
[Round "5"]
[White "Xue, Andrew"]
[Black "D'Alonzo, Jonathan"]
[Result "1-0"]
[WhiteElo "1114"]
[BlackElo "1431"]
[PlyCount "81"]
[GameId "2160767909267365"]
[EventDate "2013.08.14"]
[EventType "swiss"]
[EventRounds "9"]
[EventCountry "CAN"]
[SourceTitle "EXT 2022"]
[Source "ChessBase"]
[SourceDate "2021.10.06"]
[SourceVersion "1"]
[SourceVersionDate "2021.10.06"]
[SourceQuality "1"]

1. e4 c5 2. c3 Nf6 3. e5 Nd5 4. d4 cxd4 5. cxd4 Nc6 6. Bc4 Nb6 7. Bb3 g6 8. Nf3 Bg7 9. Nc3 d6 10. Be3 dxe5 11. dxe5 Qxd1+ 12. Rxd1 Nxe5 13. Nxe5 Bxe5 14. Bd4 Bxd4 15. Rxd4 Bf5 16. Na4 Nxa4 17. Bxa4+ Kf8 18. O-O Kg7 19. Rc1 Rac8 20. Re1 Rc7 21. h3 Rhc8 22. Kh2 Be6 23. a3 Rc4 24. Rxc4 Rxc4 25. Bb3 Rc6 26. Bxe6 Rxe6 27. Rxe6 fxe6 28. Kg3 Kf6 29. Kf4 e5+ 30. Ke4 Ke6 31. b4 b5 32. g3 g5 33. f3 h5 34. f4 exf4 35. gxf4 gxf4 36. Kxf4 Kd5 37. Kg5 e5 38. Kxh5 e4 39. Kg4 e3 40. Kf3 Kd4 41. Ke2 1-0

[Event "NAYCC U12"]
[Site "Toronto CAN"]
[Date "2013.08.16"]
[Round "5"]
[White "Yang, Michael"]
[Black "Markarov, Stefan"]
[Result "0-1"]
[WhiteElo "387"]
[BlackElo "1284"]
[PlyCount "60"]
[GameId "2160767909267366"]
[EventDate "2013.08.14"]
[EventType "swiss"]
[EventRounds "9"]
[EventCountry "CAN"]
[SourceTitle "EXT 2022"]
[Source "ChessBase"]
[SourceDate "2021.10.06"]
[SourceVersion "1"]
[SourceVersionDate "2021.10.06"]
[SourceQuality "1"]

1. e4 c5 2. d4 cxd4 3. Qxd4 Nc6 4. Qc4 e6 5. Nc3 Nf6 6. Bg5 Be7 7. O-O-O Ng4 8. Rd2 Bxg5 9. f3 Bxd2+ 10. Kxd2 Nf2 11. b3 Nxh1 12. Nb5 O-O 13. Nd6 Ne5 14. Qd4 Qg5+ 15. Kd1 Nc6 16. Qc3 Qf4 17. Nh3 Qxd6+ 18. Bd3 Ne5 19. Nf4 Nxd3 20. Nh5 Nf4+ 21. Ke1 Nxh5 22. e5 Qc6 23. Qd2 f6 24. exf6 Rxf6 25. g4 Qxf3 26. Qg5 Qf1+ 27. Kd2 Qg2+ 28. Kd3 Nf2+ 29. Kc3 Ne4+ 30. Kc4 Nxg5 0-1